| 000 | 00457nam a2200181Ia 4500 | ||
|---|---|---|---|
| 005 | 20240812070052.0 | ||
| 008 | 240331s9999 xx 000 0 und d | ||
| 020 | _a955830915X | ||
| 082 |
_bSEN _a398.3 |
||
| 100 | _aSeneviratne, M | ||
| 245 | 4 | _aThe story of life man on the planet earth | |
| 260 |
_aColombo _bWimal Enterprises _c2007 |
||
| 300 | _aiii, 105 p ., | ||
| 650 | _aCulture | ||
| 650 | _aCivilization | ||
| 650 | _aEnvironment | ||
| 942 | _cL | ||
| 999 |
_c2640 _d2640 |
||